<?xml version="1.0" encoding="UTF-8"?><?xml-stylesheet type="text/xsl" href="static/style.xsl"?><OAI-PMH xmlns="http://www.openarchives.org/OAI/2.0/" xmlns:xsi="http://www.w3.org/2001/XMLSchema-instance" xsi:schemaLocation="http://www.openarchives.org/OAI/2.0/ http://www.openarchives.org/OAI/2.0/OAI-PMH.xsd"><responseDate>2026-04-17T08:01:40Z</responseDate><request verb="GetRecord" identifier="oai:www.recercat.cat:2445/162311" metadataPrefix="marc">https://recercat.cat/oai/request</request><GetRecord><record><header><identifier>oai:recercat.cat:2445/162311</identifier><datestamp>2025-12-04T21:48:52Z</datestamp><setSpec>com_2072_1057</setSpec><setSpec>col_2072_478810</setSpec><setSpec>col_2072_478917</setSpec></header><metadata><record xmlns="http://www.loc.gov/MARC21/slim" xmlns:dcterms="http://purl.org/dc/terms/" xmlns:xsi="http://www.w3.org/2001/XMLSchema-instance" xmlns:doc="http://www.lyncode.com/xoai" xsi:schemaLocation="http://www.loc.gov/MARC21/slim http://www.loc.gov/standards/marcxml/schema/MARC21slim.xsd">
   <leader>00925njm 22002777a 4500</leader>
   <datafield ind2=" " ind1=" " tag="042">
      <subfield code="a">dc</subfield>
   </datafield>
   <datafield ind2=" " ind1=" " tag="720">
      <subfield code="a">Font Rotchés, Dolors</subfield>
      <subfield code="e">author</subfield>
   </datafield>
   <datafield ind2=" " ind1=" " tag="260">
      <subfield code="c">2020-05-25T14:30:22Z</subfield>
   </datafield>
   <datafield ind2=" " ind1=" " tag="260">
      <subfield code="c">2020-05-25T14:30:22Z</subfield>
   </datafield>
   <datafield ind2=" " ind1=" " tag="260">
      <subfield code="c">2007</subfield>
   </datafield>
   <datafield ind2=" " ind1=" " tag="260">
      <subfield code="c">2020-05-25T14:30:23Z</subfield>
   </datafield>
   <datafield ind2=" " ind1=" " tag="520">
      <subfield code="a">Joan Julià-Muné aporta amb Fonètica Aplicada Catalana un manual que dóna una visió global del que és la ciència fonètica i, més específicament, una descripció de la fonètica catalana i les múltiples aplicacions que es poden desenvolupar. Ja al preàmbul l'autor mateix n'exposa la finalitat: Aquest llibre intenta donar resposta a les preguntes i necessitats que es plantegen en relació amb l'estudi dels sons de la parla, especialment, la catalana (2005:16), i a qui va adreçat: pot ser d'interès per als universitaris que vulguin ampliar els seus estudis de didàctica i de lingüística en general i de les ciències fonètiques (...), en particular, especialment des d'un vessant pràctic i aplicat; per als professors/estudiants de llengua, tant si ensenyen/aprenen la pròpia com una de forana; educadors i logopedes; correctors i assessors lingüístics i, en definitiva, per a qualsevol persona que consideri que la fonètica serveix d'alguna cosa (2005:16).</subfield>
   </datafield>
   <datafield tag="653" ind2=" " ind1=" ">
      <subfield code="a">Ressenyes (Documents)</subfield>
   </datafield>
   <datafield tag="653" ind2=" " ind1=" ">
      <subfield code="a">Fonètica</subfield>
   </datafield>
   <datafield tag="653" ind2=" " ind1=" ">
      <subfield code="a">Català</subfield>
   </datafield>
   <datafield tag="653" ind2=" " ind1=" ">
      <subfield code="a">Reviews (Documents)</subfield>
   </datafield>
   <datafield tag="653" ind2=" " ind1=" ">
      <subfield code="a">Phonetics</subfield>
   </datafield>
   <datafield tag="653" ind2=" " ind1=" ">
      <subfield code="a">Catalan language</subfield>
   </datafield>
   <datafield ind2="0" ind1="0" tag="245">
      <subfield code="a">JOAN JULIÀ-MUNÉ (2005): Fonètica Aplicada Catalana, Barcelona, Ariel</subfield>
   </datafield>
</record></metadata></record></GetRecord></OAI-PMH>